| 000 | 00333nam a22001217a 4500 | ||
|---|---|---|---|
| 008 | 230619b xxu||||| |||| 00| 0 eng d | ||
| 082 |
_a306.2 _bVAL 1979 |
||
| 100 | _cElizabeth Vallance | ||
| 245 |
_aWomen in the House _bA study of Women Members of Parliament |
||
| 260 |
_bThe Athlone Press _c1979 |
||
| 300 | _a212p | ||
| 942 |
_2ddc _cBK |
||
| 999 |
_c1429 _d1429 |
||